Construction Technology: An Illustrated Introduction / (Record no. 615701)

000 -LEADER
fixed length control field 00393nam a22001337a 4500
020 ## - INTERNATIONAL STANDARD BOOK NUMBER
Qualifying information PB.
040 ## - CATALOGING SOURCE
Transcribing agency FIZZA ISHAQ
082 ## - DEWEY DECIMAL CLASSIFICATION NUMBER
Classification number 690
Author Mark FLE
100 ## - MAIN ENTRY--PERSONAL NAME
Personal name Fleming ,Eric.
9 (RLIN) 32076
245 ## - TITLE STATEMENT
Title Construction Technology: An Illustrated Introduction /
Statement of responsibility, etc. Eric Fleming.
260 ## - PUBLICATION, DISTRIBUTION, ETC.
Place of publication, distribution, etc. NEW YORK:
Name of publisher, distributor, etc. ‎ Wiley-Blackwell,
Date of publication, distribution, etc. 2005.
300 ## - PHYSICAL DESCRIPTION
Extent xii 386 p. ; ill
Dimensions 7.5 x 0.82 x 9.75 inches
942 ## - ADDED ENTRY ELEMENTS (KOHA)
Source of classification or shelving scheme
Koha item type Book
Holdings
Withdrawn status Lost status Source of classification or shelving scheme Damaged status Not for loan Permanent Location Current Location Date acquired Total Checkouts Full call number Barcode Date last seen Price effective from Koha item type
          NUST Baluchistan Campus (NBC) NUST Baluchistan Campus (NBC) 12/29/2025   690 FLE Q-2114 12/29/2025 12/29/2025 Book
© 2023 Central Library, National University of Sciences and Technology. All Rights Reserved.